00000000nas 2200000zi 4500
0019.948654
003CaOODSP
00520250310090854
006m     o  d f      
007cr |||||||||||
008250303u19229999oncar p o    f0###b0fre|d
040 |aCaOODSP|bfre|erda|cCaOODSP
043 |an-cn---
0861 |aA51-150F-PDF
1101 |aCanada. |bService des céréales, |eauteur, |eorganisme de publication.
24510|aRapport du Céréaliste du Dominion ... / |cService des céréales.
2461 |aService des céréales : |brapport du Céréaliste du Dominion ...
264 1|aOttawa : |bMinistre de l'Agriculture, |c1922-
310 |aAnnuel
336 |atexte|btxt|2rdacontent/fre
337 |ainformatique|bc|2rdamedia/fre
338 |aressource en ligne|bcr|2rdacarrier/fre
3621 |aParaît depuis : 1922.
500 |aPublié aussi en anglais sous le titre : Report of the Dominion Cerealist ... for the year ...
500 |aÉdition numérisée de l'imprimé [par Agriculture et Agroalimentaire Canada].
588 |aDescription d'après : 1922 ; titre du page titre du fichier PDF.
588 |aDernière livraison consultée : 1922.
61015|aCanada. |bService des céréales|vPériodiques.
650 6|aCéréales|xRecherche|zCanada|vPériodiques.
655 7|aPériodiques|2rvmgf
7102 |aFermes et stations expérimentales fédérales (Canada), |eorganisme de publication.
7101 |aCanada. |bMinistère de l'agriculture, |eorganisme de publication.
77508|tReport of the Dominion Cerealist ... for the year ... / |w(CaOODSP)9.948653
78000|tRapport préliminaire du Céréaliste du Dominion ... / |w(CaOODSP)9.947248